通勤特急停車駅 - Statistics

General Stats
  • This quiz has been taken 248 times
  • The average score is 60 of 77
Answer Stats
Hint Answer % Correct
東急・横浜高速 横浜
95%
京急 品川
94%
東急 渋谷
93%
京急・都営 泉岳寺
92%
横浜高速 元町・中華街
91%
都営・京成 押上
90%
東急 日吉
90%
東急 武蔵小杉
89%
阪急 大阪梅田
89%
東急 中目黒
88%
東急 自由が丘
88%
都営 浅草
87%
京成 青砥
87%
京成 京成高砂
87%
東急 菊名
87%
横浜高速 みなとみらい
87%
阪急 京都河原町
87%
京成 成田空港
86%
京成・芝山 東成田
86%
芝山 芝山千代田
86%
相鉄 湘南台
86%
相鉄 西谷
86%
京成 京成成田
85%
横浜高速 馬車道
85%
横浜高速 日本大通り
85%
阪急 十三
85%
阪急 神戸三宮
85%
都営 三田
84%
京成 京成津田沼
84%
相鉄 新横浜
84%
阪急 高槻市
84%
阪急 茨木市
83%
都営 大門
82%
都営 新橋
82%
京成 京成船橋
82%
相鉄 二俣川
82%
相鉄 羽沢横浜国大
82%
阪急 西宮北口
82%
京成 京成佐倉
81%
阪急
80%
阪急 新開地
79%
京成 空港第2ビル
79%
都営 日本橋
78%
都営 東銀座
77%
都営 本所吾妻橋
77%
阪急 烏丸
77%
阪急 高速神戸
77%
都営 東日本橋
76%
京成 京成上野
76%
阪急 大宮
75%
京成 日暮里
74%
阪急 西院
74%
都営 宝町
73%
都営 蔵前
73%
阪急 長岡天神
73%
都営 浅草橋
72%
京成 宗吾参道
72%
相鉄 いずみ野
71%
京成 勝田台
70%
京成 京成八幡
69%
京成 大佐倉
69%
阪急 岡本
69%
都営 人形町
68%
京成 ユーカリが丘
68%
相鉄 鶴ヶ峰
68%
京成 八千代台
66%
阪急 塚口
66%
阪急 夙川
66%
京成 京成酒々井
64%
阪急 豊中
63%
阪急 花隈
63%
阪急 川西能勢口
61%
京成 京成臼井
60%
阪急 池田
60%
京成 公津の杜
58%
阪急 石橋阪大前
57%
京成 志津
49%
No matching quizzes found
Score Distribution
Percent of People with Each Score
Percentile by Number Answered
Your Score History
You have not taken this quiz